00744nam a2200205 a 450000500170000000800410001702000180005805000220007610000170009824500750011526000370019030000160022744000300024350000260027352000630029965000170036265000200037999900190039995201200041820140412111241.0010425s19uu xx 00 eng d a0-553-37571-7 aTR(PS EbSp1 1995 aOrgel, Doris aSpaghetti party (The) /cby Doris Orgel; illustrated by Julie Durrell. aNew York :bBantam Books,c1995. a32p. ; ill. aBank Street ready-to-read a"A Byron Preiss book" aAnnie tells her friends to "come as you are" -and they do! aPlay-Fiction aParties-Fiction c102710d102710 001040aELbELcTRd2001-04-25eLib. Fundg103.75l0oTR(PS E Sp1 1995pE2572r2014-04-12 00:00:00w2014-04-12yBK